000 01005nmc a2200349 a 4500
003 AR-BaBNM
005 20251128210506.0
008 150020s1994 ||||||||||||||000 | spa||
020 _a84-7584-247-X
040 _cAR-BaBNM
245 1 0 _aEl niño y la escuela
_bdificultades escolares
250 _a1ª ed.
260 _aBarcelona
_bLaertes
_bForum de Pediatría Psicosocial
_c1994
300 0 _a158 p.
_btablas
490 0 _aPediatría
_vv. 2
504 _aContiene bibliografía
650 4 _aORIENTACION ESCOLAR
650 4 _aDIFICULTADES EN EL APRENDIZAJE
650 4 _aCONDUCTA INFANTIL
650 4 _aPAPEL DE LA FAMILIA
650 4 _aMEDIOS DE COMUNICACION
650 4 _aFUNCIONES DE LA ORIENTACION
650 4 _aPROGRAMAS DE ORIENTACION
650 4 _aPEDIATRIA
653 0 _aFRACASO ESCOLAR
653 0 _aPSICOPEDAGOGIA
700 1 _aCallabed, Joaquín
_eeditor
700 1 _aMoraga, Fernando
_eeditor
700 1 _aSasot, Jordi
_eeditor
942 _cBK
998 _cRAQUEL
999 _c15669
_d15669